000 00527nam a2200181Ia 4500
008 100921s9999 xx 000 0 und d
082 _b17606
_a891.463 थ 82
100 _aशिरवळकर सुहास.
245 _aथरारक.
260 _bमनोरमा प्रकाशन,मुंबई.
_c1982
300 _a250
_b---
365 _b35
520 _aललित-कथा.
630 _aथरारक.
650 _aललित-कथा.
730 _aथरारक.
942 _cBOOK
999 _c766719
_d766716